02108 2201021 4500001002100000008004100021035002000062245003800082100001900120250000600139260003000145300001200175084001400187082000800201650001300209990001200222990001200234990001200246990001200258990001200270990001200282990001200294990001200306990001200318990001200330990001200342990001200354990001200366990001200378990001200390990001200402990001200414990001200426990001200438990001200450990001200462990001200474990001200486990001200498990001200510990001200522990001200534990001200546990001200558990001200570990001200582990001200594990001200606990001200618990001200630990001200642990001200654990001200666990001200678990001200690990001200702990001200714990001200726990001200738990001200750990001200762990001200774990001200786990001200798990001200810990001200822990001200834990001200846990001200858990001200870990001200882990001200894990001200906990001200918990001200930990001200942990001200954990001200966990001200978990001200990990001201002990001201014990001201026990001201038990001201050990001201062990001201074INLIS000000000000768 ind  a0010-0524000003 aX-Press UN BiologicTim Progresif aProgresif, Tim a1 aJakarta :bErlanggac2019 a164 hlm a574 TIM b a574 aNonFiksi a0740116 a0740117 a0740118 a0740119 a0740120 a0740121 a0740122 a0740123 a0740124 a0740125 a0740126 a0740127 a0740128 a0740129 a0740130 a0740131 a0740132 a0740133 a0740134 a0740135 a0740136 a0740137 a0740138 a0740139 a0740140 a0740141 a0740142 a0740143 a0740144 a0740145 a0740146 a0740147 a0740148 a0740149 a0740150 a0740151 a0740152 a0740153 a0740154 a0740155 a0740156 a0740157 a0740158 a0740159 a0740160 a0740161 a0740162 a0740163 a0740164 a0740165 a0740166 a0740167 a0740168 a0740169 a0740170 a0740171 a0740172 a0740173 a0740174 a0740175 a0740176 a0740177 a0740178 a0740179 a0740180 a0740181 a0740182 a0740183 a0740184 a0740185 a0740186 a0740187